[Event "RUS GP rap"]
[Site "Serpukhov"]
[Date "2018.02.24"]
[Round "9"]
[White "Arkhipenko, Daniil"]
[Black "Volovikov, Anton"]
[Result "1/2-1/2"]
[WhiteElo "2143"]
[BlackElo "2271"]
[PlyCount "108"]
[EventDate "2018.02.23"]
[EventType "swiss (rapid)"]
[EventRounds "11"]
[EventCountry "RUS"]
[SourceTitle "CBM 183 Extra"]
[Source "ChessBase"]
[SourceDate "2018.04.19"]
[SourceVersion "1"]
[SourceVersionDate "2018.04.19"]
[SourceQuality "1"]

1. d4 d5 2. c4 Bf5 3. Nc3 e6 4. cxd5 exd5 5. Bf4 c6 6. Nf3 Nf6 7. e3 Nbd7 8. Bd3 Bg6 9. Bxg6 hxg6 10. h3 Be7 11. Qb3 Qb6 12. 0-0 Qxb3 13. axb3 Ne4 14. Nxe4 dxe4 15. Nd2 f5 16. f3 exf3 17. Rxf3 Bb4 18. Nc4 0-0 19. Bd6 Bxd6 20. Nxd6 b5 21. e4 fxe4 22. Nxe4 Rfe8 23. Ng5 c5 24. dxc5 Nxc5 25. Rc1 Re5 26. h4 Rae8 27. Rfc3 Ne4 28. Nxe4 Rxe4 29. Rc7 Re1+ 30. Rxe1 Rxe1+ 31. Kf2 Rb1 32. Rc2 Kf7 33. Ke3 Kf6 34. Kd4 Kf5 35. Rc5+ Kg4 36. Rg5+ Kxh4 37. Rxg6 Rxb2 38. Kc3 Ra2 39. Kb4 a6 40. Rxg7 Kh5 41. Kc5 Ra3 42. Kb4 Ra2 43. Rg8 Kh6 44. g3 Kh7 45. Rg4 Ra1 46. Kc5 Ra3 47. Kb4 Ra1 48. Kc3 a5 49. Kb2 Rg1 50. Rg5 b4 51. Kc2 Ra1 52. Kb2 Ra3 53. Rc5 a4 54. bxa4 Rxa4 1/2-1/2

[Event "RUS GP rap"]
[Site "Serpukhov"]
[Date "2018.02.24"]
[Round "11"]
[White "Goganov, Aleksey"]
[Black "Volovikov, Anton"]
[Result "1/2-1/2"]
[WhiteElo "2564"]
[BlackElo "2271"]
[PlyCount "112"]
[EventDate "2018.02.23"]
[EventType "swiss (rapid)"]
[EventRounds "11"]
[EventCountry "RUS"]
[SourceTitle "CBM 183 Extra"]
[Source "ChessBase"]
[SourceDate "2018.04.19"]
[SourceVersion "1"]
[SourceVersionDate "2018.04.19"]
[SourceQuality "1"]

1. d4 d5 2. c4 Bf5 3. cxd5 Bxb1 4. Qa4+ c6 5. dxc6 Nxc6 6. Rxb1 e5 7. Bd2 exd4 8. g3 Nf6 9. Bg2 Rc8 10. Nh3 Bc5 11. Nf4 0-0 12. Nd3 Bb6 13. 0-0 Re8 14. Rfe1 Ne4 15. Bf4 Qf6 16. Qb5 h6 17. Bh3 Rcd8 18. Qf5 Qe7 19. Bg2 g5 20. Bxe4 Qxe4 21. Qxe4 Rxe4 22. Bd2 Rde8 23. Kf1 Ne5 24. Rbc1 Kg7 25. a4 Nxd3 26. exd3 Rxe1+ 27. Bxe1 Re5 28. Rc4 g4 29. b4 Rd5 30. Bd2 Rd7 31. Bf4 Bd8 32. Kg2 a6 33. h3 h5 34. Be5+ Bf6 35. Bxf6+ Kxf6 36. f3 Kg5 37. Rc5+ f5 38. Rc8 gxf3+ 39. Kxf3 Re7 40. h4+ Kg6 41. Rd8 Re3+ 42. Kf4 Rxd3 43. Rd6+ Kf7 44. Rb6 Ra3 45. Kxf5 Rxg3 46. Rxb7+ Ke8 47. Rb6 d3 48. Rxa6 Rg4 49. Rd6 Rxb4 50. Kg5 Rxa4 51. Kxh5 Ra3 52. Kg6 Ke7 53. Rd4 Ra6+ 54. Kg7 Rd6 55. Re4+ Re6 56. Rd4 Rd6 1/2-1/2

[Event "Mukachevo"]
[Site "Mukachevo"]
[Date "2013.05.05"]
[Round "9"]
[White "Volovikov, Anton"]
[Black "Sevostianov, Pavel"]
[Result "1/2-1/2"]
[WhiteElo "2334"]
[BlackElo "2288"]
[PlyCount "35"]
[EventDate "2013.05.01"]
[EventType "tourn"]
[EventRounds "9"]
[EventCountry "UKR"]
[SourceTitle "CBM 154 Extra"]
[Source "ChessBase"]
[SourceDate "2013.06.25"]
[SourceVersion "2"]
[SourceVersionDate "2013.06.25"]
[SourceQuality "1"]

1. e4 d5 2. exd5 Qxd5 3. Nc3 Qd6 4. d4 Nf6 5. Nf3 g6 6. Bc4 Bg7 7. 0-0 0-0 8. Ne5 a6 9. Bf4 Qd8 10. a4 Nbd7 11. Qf3 Nb6 12. Bb3 c6 13. Rfe1 Nbd5 14. Nxd5 cxd5 15. Bg5 Be6 16. Bh4 Qb6 17. Rad1 Rac8 18. h3 1/2-1/2

[Event "Mukachevo"]
[Site "Mukachevo"]
[Date "2013.05.04"]
[Round "7"]
[White "Volovikov, Anton"]
[Black "Kristofori, Attila"]
[Result "1-0"]
[WhiteElo "2334"]
[BlackElo "2003"]
[PlyCount "75"]
[EventDate "2013.05.01"]
[EventType "tourn"]
[EventRounds "9"]
[EventCountry "UKR"]
[SourceTitle "CBM 154 Extra"]
[Source "ChessBase"]
[SourceDate "2013.06.25"]
[SourceVersion "2"]
[SourceVersionDate "2013.06.25"]
[SourceQuality "1"]

1. e4 e6 2. d4 d5 3. e5 c5 4. c3 Nc6 5. Nf3 Bd7 6. Bd3 Qc7 7. 0-0 cxd4 8. cxd4 Nb4 9. Nc3 Nxd3 10. Qxd3 Be7 11. Bd2 Nh6 12. Bxh6 gxh6 13. Qe3 Bf8 14. Rac1 Qd8 15. Nd2 Bg7 16. f4 0-0 17. f5 f6 18. Nf3 fxe5 19. Nxe5 exf5 20. Nxd5 Bc6 21. Nf4 Bd5 22. Rfd1 Kh8 23. Qg3 Bf7 24. b3 Rc8 25. Nxf7+ Rxf7 26. Ne6 Qd7 27. Rxc8+ Qxc8 28. d5 Bf6 29. Qe3 Bg5 30. Qxa7 Rd7 31. Qd4+ Kg8 32. d6 Qc2 33. Qd5 Be3+ 34. Kh1 Qe4 35. b4 Qxd5 36. Rxd5 b6 37. Rxf5 Rf7 38. d7 1-0

[Event "Mukachevo"]
[Site "Mukachevo"]
[Date "2013.05.03"]
[Round "5"]
[White "Volovikov, Anton"]
[Black "Nayhebaver, Martin"]
[Result "0-1"]
[WhiteElo "2334"]
[BlackElo "2218"]
[PlyCount "78"]
[EventDate "2013.05.01"]
[EventType "tourn"]
[EventRounds "9"]
[EventCountry "UKR"]
[SourceTitle "CBM 154 Extra"]
[Source "ChessBase"]
[SourceDate "2013.06.25"]
[SourceVersion "2"]
[SourceVersionDate "2013.06.25"]
[SourceQuality "1"]

1. e4 c5 2. Nc3 Nc6 3. f4 g6 4. Nf3 Bg7 5. Bb5 Nd4 6. a4 a6 7. Bc4 e6 8. 0-0 Ne7 9. d3 d5 10. Ba2 0-0 11. f5 dxe4 12. dxe4 exf5 13. Bg5 h6 14. Bh4 g5 15. Nxg5 hxg5 16. Bxg5 Qd6 17. Kh1 Be6 18. Nd5 Nxd5 19. exd5 Bxd5 20. Bxd5 Qxd5 21. c3 Qb3 22. cxd4 Qxd1 23. Raxd1 cxd4 24. Rxf5 Rac8 25. h4 Rfe8 26. h5 Re5 27. Rdf1 Rcc5 28. g4 Rxf5 29. gxf5 d3 30. b4 Rc4 31. Rf3 Rd4 32. Bd2 Kh7 33. h6 Rh4+ 34. Kg2 Bxh6 35. Bxh6 Kxh6 36. Rxd3 Rxb4 37. Rd7 f6 38. a5 Kg5 39. Rd5 Rb5 0-1

[Event "Mukachevo"]
[Site "Mukachevo"]
[Date "2013.05.01"]
[Round "1"]
[White "Shagbazyan, Taron"]
[Black "Volovikov, Anton"]
[Result "1-0"]
[WhiteElo "2372"]
[BlackElo "2334"]
[PlyCount "69"]
[EventDate "2013.05.01"]
[EventType "tourn"]
[EventRounds "9"]
[EventCountry "UKR"]
[SourceTitle "CBM 154 Extra"]
[Source "ChessBase"]
[SourceDate "2013.06.25"]
[SourceVersion "2"]
[SourceVersionDate "2013.06.25"]
[SourceQuality "1"]

1. d4 d5 2. c4 Nc6 3. Nf3 Bg4 4. Nc3 Nf6 5. cxd5 Nxd5 6. e4 Bxf3 7. gxf3 Nxc3 8. bxc3 e5 9. d5 Nb8 10. Rb1 Bc5 11. Rxb7 0-0 12. Rb5 Nd7 13. Qd3 a6 14. Rb1 f5 15. Be3 fxe4 16. Qxe4 Nf6 17. Qc4 Bxe3 18. fxe3 Kh8 19. Rd1 e4 20. Be2 exf3 21. Bxf3 Nd7 22. 0-0 Qg5+ 23. Bg2 Qxe3+ 24. Kh1 Ne5 25. Qd4 Rxf1+ 26. Rxf1 Qe2 27. Qf2 Qxf2 28. Rxf2 Rb8 29. h3 Kg8 30. Re2 Re8 31. Re4 Kf7 32. Ra4 Ra8 33. d6 Ra7 34. Rxa6 Rxa6 35. dxc7 1-0

[Event "Lvov Vasylyshyn Memorial IM 9th"]
[Site "Lvov"]
[Date "2012.11.20"]
[Round "1"]
[White "Gavrish, Leonid"]
[Black "Volovikov, Anton"]
[Result "1-0"]
[WhiteElo "2138"]
[BlackElo "2343"]
[PlyCount "57"]
[EventDate "2012.11.20"]
[EventType "tourn"]
[EventRounds "9"]
[EventCountry "UKR"]
[EventCategory "2"]
[SourceTitle "CBM 151 Extra"]
[Source "ChessBase"]
[SourceDate "2012.12.18"]
[SourceVersion "1"]
[SourceVersionDate "2012.12.18"]
[SourceQuality "1"]

1. d4 d5 2. c4 Bf5 3. cxd5 Bxb1 4. Qa4+ c6 5. dxc6 Nxc6 6. Rxb1 e5 7. Bd2 exd4 8. g3 Nf6 9. Bg2 Rc8 10. Rc1 Be7 11. Bxc6+ bxc6 12. Rxc6 0-0 13. Rxc8 Qxc8 14. Nf3 d3 15. 0-0 dxe2 16. Re1 Qe6 17. Qxa7 Re8 18. Nd4 Qd5 19. Rxe2 Ne4 20. Qa4 Rc8 21. Nc6 Rxc6 22. Qxe4 Qe6 23. Bc3 Bf8 24. Qxe6 fxe6 25. a4 Kf7 26. Re4 Bd6 27. a5 Bc7 28. Ra4 Bb8 29. Bd4 1-0

[Event "Mukachevo Rating 15th"]
[Site "Mukachevo"]
[Date "2012.11.13"]
[Round "11"]
[White "Volovikov, Anton"]
[Black "Oros, Robert"]
[Result "1-0"]
[WhiteElo "2365"]
[BlackElo "2236"]
[PlyCount "63"]
[EventDate "2012.11.08"]
[EventType "tourn"]
[EventRounds "11"]
[EventCountry "UKR"]
[EventCategory "1"]
[SourceTitle "EXT 2014"]
[Source "ChessBase"]
[SourceDate "2013.11.20"]
[SourceVersion "1"]
[SourceVersionDate "2013.11.20"]
[SourceQuality "1"]

1. e4 e5 2. Bc4 Nf6 3. d4 exd4 4. Nf3 Nc6 5. e5 d5 6. Bb5 Ne4 7. Nxd4 Bc5 8. 0-0 Bd7 9. Bxc6 bxc6 10. Be3 Qe7 11. f3 Ng5 12. f4 Ne4 13. Nd2 Nxd2 14. Qxd2 0-0 15. c3 f6 16. b4 Bb6 17. Nf3 Bg4 18. Bxb6 cxb6 19. exf6 Rxf6 20. Ne5 Bf5 21. Rae1 Be4 22. c4 Qd6 23. cxd5 Bxd5 24. f5 Raf8 25. g4 g6 26. Qc3 gxf5 27. gxf5 h6 28. Ng6 R8f7 29. Re8+ Kh7 30. Rh8+ Kg7 31. Rxh6 Rd7 32. Rh4 1-0

[Event "Mukachevo Rating 15th"]
[Site "Mukachevo"]
[Date "2012.11.10"]
[Round "4"]
[White "Volovikov, Anton"]
[Black "Bakunts, Rafael"]
[Result "1/2-1/2"]
[WhiteElo "2365"]
[BlackElo "2276"]
[PlyCount "151"]
[EventDate "2012.11.08"]
[EventType "tourn"]
[EventRounds "11"]
[EventCountry "UKR"]
[EventCategory "1"]
[SourceTitle "EXT 2014"]
[Source "ChessBase"]
[SourceDate "2013.11.20"]
[SourceVersion "1"]
[SourceVersionDate "2013.11.20"]
[SourceQuality "1"]

1. e4 e5 2. Bc4 Nf6 3. d4 exd4 4. Nf3 Nc6 5. e5 d5 6. Bb5 Ne4 7. Nxd4 Bd7 8. Bxc6 bxc6 9. 0-0 Be7 10. f3 Ng5 11. Be3 0-0 12. c3 f6 13. f4 fxe5 14. fxe5 c5 15. Nb3 Rxf1+ 16. Qxf1 Ne6 17. N1d2 c4 18. Nd4 Nxd4 19. cxd4 Be6 20. Rc1 Qd7 21. b3 Ba3 22. Rc3 Rf8 23. Nf3 Bb4 24. Rc1 Qb5 25. Qe2 Ba3 26. Rc3 Be7 27. Rc1 Ba3 28. Rc3 Be7 29. Rc1 c6 30. h3 Qa5 31. bxc4 dxc4 32. Bg5 Ba3 33. Rxc4 Bxc4 34. Qxc4+ Qd5 35. Qc3 h6 36. Bh4 Qxa2 37. Qxc6 Qb1+ 38. Kh2 Bc1 39. Bg3 Be3 40. h4 Qf5 41. e6 Qf6 42. Qd5 Re8 43. e7+ Qf7 44. Qe4 Qxe7 45. Be5 Bc1 46. h5 Qf7 47. Qg4 Rf8 48. Kg3 Ba3 49. Nh4 Kh7 50. Qe4+ Kg8 51. Qg4 Kh7 52. Qe4+ Kg8 53. Qg4 Qf2+ 54. Kh2 Rf7 55. Qc8+ Bf8 56. Ng6 Kh7 57. Qg4 Ba3 58. Nf4 Kg8 59. d5 Bb2 60. Bd6 Bd4 61. Qc8+ Kh7 62. Ng6 Qg1+ 63. Kh3 Qh1+ 64. Bh2 Rf3+ 65. gxf3 Qxf3+ 66. Bg3 Qf1+ 67. Kh4 Qf6+ 68. Kg4 Qg5+ 69. Kh3 Qxh5+ 70. Nh4 Qxd5 71. Qc2+ Kg8 72. Kh2 Bf6 73. Nf5 a5 74. Qc8+ Kh7 75. Qc2 Kg8 76. Qc8+ 1/2-1/2

[Event "Donetsk Amitan Memorial IM 4th"]
[Site "Donetsk"]
[Date "2011.12.08"]
[Round "1"]
[White "Volovikov, Anton"]
[Black "Sysoenko, Aleksey"]
[Result "1-0"]
[WhiteElo "2315"]
[BlackElo "2244"]
[PlyCount "89"]
[EventDate "2011.12.08"]
[EventType "tourn"]
[EventRounds "9"]
[EventCountry "UKR"]
[EventCategory "2"]
[SourceTitle "CBM 145 Extra"]
[Source "ChessBase"]
[SourceDate "2012.01.03"]
[SourceVersion "1"]
[SourceVersionDate "2012.01.03"]
[SourceQuality "1"]

1. e4 d6 2. f4 Nf6 3. Nc3 g6 4. Nf3 Bg7 5. d4 0-0 6. Bd3 Nc6 7. 0-0 e5 8. fxe5 dxe5 9. d5 Nd4 10. Bg5 Bg4 11. Be2 Nxe2+ 12. Qxe2 h6 13. Bh4 g5 14. Bf2 Nh5 15. Bc5 Nf4 16. Qe1 Re8 17. Qg3 Bd7 18. Rad1 b6 19. Be3 Qe7 20. Qe1 Qb4 21. Bc1 Rac8 22. g3 Ng6 23. Qe2 Bg4 24. Kg2 f5 25. h3 fxe4 26. hxg4 exf3+ 27. Qxf3 Rf8 28. Qe4 Qxe4+ 29. Nxe4 Rxf1 30. Kxf1 Rd8 31. Ke2 Ne7 32. c4 c6 33. d6 Nc8 34. b4 c5 35. d7 cxb4 36. dxc8Q Rxc8 37. Nd6 Rc6 38. Bb2 Bf8 39. Bxe5 Bxd6 40. Rxd6 Rxc4 41. Kd3 Rxg4 42. Rxh6 Kf7 43. Rc6 Ke7 44. Rc4 Rxc4 45. Kxc4 1-0

[Event "Lvov Vasylyshyn Memorial IM 8th"]
[Site "Lvov"]
[Date "2011.12.05"]
[Round "7"]
[White "Buksa, Nataliya"]
[Black "Volovikov, Anton"]
[Result "0-1"]
[WhiteElo "2062"]
[BlackElo "2315"]
[PlyCount "122"]
[EventDate "2011.11.29"]
[EventType "tourn"]
[EventRounds "9"]
[EventCountry "UKR"]
[SourceTitle "CBM 145 Extra"]
[Source "ChessBase"]
[SourceDate "2012.01.03"]
[SourceVersion "1"]
[SourceVersionDate "2012.01.03"]
[SourceQuality "1"]

1. e4 c5 2. Nf3 e6 3. d4 cxd4 4. Nxd4 a6 5. Nc3 b5 6. Bd3 Qb6 7. Be3 Bc5 8. Be2 Nc6 9. Nxc6 Bxe3 10. fxe3 dxc6 11. Qd4 Qxd4 12. exd4 e5 13. d5 c5 14. a4 b4 15. Nb1 Nf6 16. Nd2 0-0 17. Bd3 a5 18. 0-0-0 g6 19. h3 Nd7 20. Bb5 Nb6 21. Nb3 Bd7 22. Nxc5 Bxb5 23. axb5 Rfc8 24. Na6 b3 25. c3 a4 26. d6 a3 27. d7 a2 28. dxc8Q+ Rxc8 29. Kd2 Nc4+ 30. Ke2 Nxb2 31. Ra1 Na4 32. Nb4 Rxc3 33. Nxa2 Rc2+ 34. Kd3 Nc5+ 35. Ke3 bxa2 36. b6 Rb2 37. Rac1 Rxb6 38. Rxc5 Rb1 39. Ra5 Rxh1 40. Rxa2 Re1+ 41. Kf3 Kg7 42. Ra5 Kf6 43. h4 Rd1 44. Ra6+ Ke7 45. h5 Rh1 46. hxg6 hxg6 47. g3 Rd1 48. Rb6 Rd6 49. Rb7+ Ke6 50. Kg4 Rd4 51. Rb6+ Ke7 52. Kf3 Rd3+ 53. Kg4 Re3 54. Rb7+ Kf6 55. Rb4 Kg7 56. Ra4 Rxe4+ 57. Rxe4 f5+ 58. Kf3 fxe4+ 59. Kxe4 Kf6 60. g4 Ke6 61. g5 Kd6 0-1

[Event "Lvov Vasylyshyn Memorial IM 8th"]
[Site "Lvov"]
[Date "2011.12.04"]
[Round "6"]
[White "Volovikov, Anton"]
[Black "Yildiz Kadioglu, Betul Cemre"]
[Result "0-1"]
[WhiteElo "2315"]
[BlackElo "2297"]
[PlyCount "54"]
[EventDate "2011.11.29"]
[EventType "tourn"]
[EventRounds "9"]
[EventCountry "UKR"]
[SourceTitle "CBM 145 Extra"]
[Source "ChessBase"]
[SourceDate "2012.01.03"]
[SourceVersion "1"]
[SourceVersionDate "2012.01.03"]
[SourceQuality "1"]

1. e4 e5 2. Bc4 Nf6 3. d4 exd4 4. Nf3 Nc6 5. e5 Ng4 6. 0-0 d6 7. Bxf7+ Kxf7 8. Ng5+ Ke8 9. e6 Nh6 10. c3 Qf6 11. cxd4 Qxd4 12. Bd2 Qg4 13. f3 Qd4+ 14. Kh1 Be7 15. f4 Qd3 16. Nc3 Qf5 17. Qb3 Kd8 18. Nd5 Nd4 19. Qc4 c5 20. Rae1 b5 21. Ba5+ Ke8 22. Nc7+ Kf8 23. Nxb5 Ba6 24. a4 Nxb5 25. axb5 Bb7 26. Qe2 Ng4 27. Nf7 Qh5 0-1

[Event "Lvov Vasylyshyn Memorial IM 8th"]
[Site "Lvov"]
[Date "2011.11.30"]
[Round "2"]
[White "Shtembuliak, Evgeny"]
[Black "Volovikov, Anton"]
[Result "0-1"]
[WhiteElo "2119"]
[BlackElo "2315"]
[PlyCount "116"]
[EventDate "2011.11.29"]
[EventType "tourn"]
[EventRounds "9"]
[EventCountry "UKR"]
[SourceTitle "CBM 145 Extra"]
[Source "ChessBase"]
[SourceDate "2012.01.03"]
[SourceVersion "1"]
[SourceVersionDate "2012.01.03"]
[SourceQuality "1"]

1. e4 c5 2. Nf3 e6 3. d3 d5 4. Qe2 dxe4 5. dxe4 b6 6. c3 Ba6 7. Qd2 Qc8 8. Bxa6 Qxa6 9. Qe2 Qxe2+ 10. Kxe2 Nf6 11. Nfd2 Nc6 12. f3 Be7 13. a4 0-0 14. Nc4 Rad8 15. Bf4 Nh5 16. Be3 f5 17. Nbd2 Nf6 18. Rad1 h6 19. Rhg1 Nd7 20. Nb1 fxe4 21. fxe4 Nf6 22. Rxd8 Bxd8 23. Nbd2 Bc7 24. g3 Ng4 25. h3 Nxe3 26. Kxe3 a6 27. Ke2 b5 28. axb5 axb5 29. Na3 Rb8 30. g4 Be5 31. Kd3 Bf6 32. Kc2 Ne5 33. Rf1 c4 34. Nf3 Nd3 35. h4 Be7 36. Nd4 Bxa3 37. bxa3 e5 38. Nc6 Ra8 39. Ne7+ Kh7 40. g5 Nf4 41. Rg1 Rxa3 42. g6+ Kh8 43. Rd1 Nd3 44. Kd2 Ra7 45. Nd5 Nf2 46. Rf1 Ra2+ 47. Ke1 Nd3+ 48. Kd1 Ra1+ 49. Ke2 Nf4+ 50. Rxf4 exf4 51. e5 Kg8 52. Nxf4 Rh1 53. h5 Rh4 54. Ke3 b4 55. cxb4 c3 56. Nd5 c2 57. Kd2 Rd4+ 58. Kxc2 Rxd5 0-1

[Event "Yuzhny op"]
[Site "Yuzhny"]
[Date "2011.09.05"]
[Round "4"]
[White "Volovikov, Anton"]
[Black "Fish, Alexander"]
[Result "1-0"]
[WhiteElo "2275"]
[BlackElo "2098"]
[PlyCount "107"]
[EventDate "2011.09.03"]
[EventType "swiss"]
[EventRounds "9"]
[EventCountry "UKR"]
[SourceTitle "CBM 144 Extra"]
[Source "ChessBase"]
[SourceDate "2011.10.28"]
[SourceVersion "1"]
[SourceVersionDate "2011.10.28"]
[SourceQuality "1"]

1. e4 e6 2. d4 d5 3. e5 c5 4. c3 Qb6 5. Nf3 Bd7 6. Bd3 cxd4 7. cxd4 Bb5 8. 0-0 Bxd3 9. Qxd3 Nc6 10. a3 a5 11. Nc3 Nge7 12. Be3 Nc8 13. Nd2 Be7 14. f4 g6 15. Kh1 Qa6 16. Nb5 Kd7 17. a4 N8a7 18. Nb3 Nb4 19. Qe2 b6 20. Rac1 Rac8 21. g4 Rxc1 22. Rxc1 Nxb5 23. axb5 Qb7 24. f5 Rc8 25. Rf1 Qc7 26. fxe6+ fxe6 27. Rf7 Qc4 28. Qxc4 dxc4 29. Bg5 Nd5 30. Bxe7 Nxe7 31. Nd2 c3 32. bxc3 Rxc3 33. Ne4 Rc7 34. Rxh7 a4 35. Rh8 Rc8 36. Nf6+ Kc7 37. Rh3 Kb7 38. Ne4 Rc1+ 39. Kg2 Nd5 40. Ra3 Nc7 41. Nd6+ Kb8 42. Rxa4 Rb1 43. h4 Nxb5 44. Nxb5 Rxb5 45. h5 gxh5 46. gxh5 Rb2+ 47. Kg3 Rb1 48. Ra2 Rg1+ 49. Rg2 Rh1 50. Rh2 Rg1+ 51. Kf4 Rg8 52. h6 Kc7 53. h7 Rh8 54. Kg5 1-0

[Event "Donetsk Amitan Memorial"]
[Site "Donetsk"]
[Date "2010.12.29"]
[Round "13"]
[White "Goganov, Aleksey"]
[Black "Volovikov, Anton"]
[Result "1-0"]
[WhiteElo "2478"]
[BlackElo "2324"]
[PlyCount "69"]
[EventDate "2010.12.20"]
[EventType "tourn"]
[EventRounds "13"]
[EventCountry "UKR"]
[EventCategory "8"]
[SourceTitle "CBM 140 Extra"]
[Source "ChessBase"]
[SourceDate "2011.03.01"]
[SourceVersion "1"]
[SourceVersionDate "2011.03.01"]
[SourceQuality "1"]

1. d4 d5 2. c4 Bf5 3. cxd5 Bxb1 4. Qa4+ c6 5. dxc6 Nxc6 6. Rxb1 e5 7. Bd2 exd4 8. g3 Nf6 9. Bg2 Rc8 10. Nh3 Bc5 11. Nf4 0-0 12. 0-0 Re8 13. Rbc1 Qb6 14. Nd3 Bd6 15. Rfe1 Ne4 16. Bxe4 Rxe4 17. Qb3 Qxb3 18. axb3 Rce8 19. Kf1 f5 20. Bf4 Bxf4 21. gxf4 R4e6 22. Rc5 g6 23. b4 a6 24. b5 Na5 25. b4 Nb3 26. Rc2 a5 27. bxa5 Nxa5 28. Ra1 b6 29. Ra4 Rd6 30. Rc7 Red8 31. Ne5 Rd5 32. Ra3 Rxb5 33. Rh3 h5 34. Rg3 Rd6 35. Nxg6 1-0

[Event "Donetsk Amitan Memorial"]
[Site "Donetsk"]
[Date "2010.12.24"]
[Round "6"]
[White "Andreev, Eduard"]
[Black "Volovikov, Anton"]
[Result "1-0"]
[WhiteElo "2469"]
[BlackElo "2324"]
[PlyCount "49"]
[EventDate "2010.12.20"]
[EventType "tourn"]
[EventRounds "13"]
[EventCountry "UKR"]
[EventCategory "8"]
[SourceTitle "CBM 140 Extra"]
[Source "ChessBase"]
[SourceDate "2011.03.01"]
[SourceVersion "1"]
[SourceVersionDate "2011.03.01"]
[SourceQuality "1"]

1. e4 c5 2. Nf3 e6 3. g3 d5 4. exd5 exd5 5. d4 Nf6 6. Bg2 c4 7. 0-0 Be7 8. b3 0-0 9. bxc4 dxc4 10. Ne5 Qc7 11. Bf4 Bd6 12. Nc3 a6 13. Rb1 Nc6 14. Re1 Ne7 15. Bg5 Rd8 16. Qf3 Bxe5 17. dxe5 Ne8 18. Be3 Qc6 19. Qe2 Qe6 20. Bb6 Rd7 21. Ne4 Qg6 22. Nc5 Rd5 23. Qxc4 Rd2 24. e6 fxe6 25. Nd3 1-0

[Event "Donetsk Amitan Memorial"]
[Site "Donetsk"]
[Date "2010.12.23"]
[Round "5"]
[White "Volovikov, Anton"]
[Black "Soltanici, Ruslan"]
[Result "0-1"]
[WhiteElo "2324"]
[BlackElo "2415"]
[PlyCount "70"]
[EventDate "2010.12.20"]
[EventType "tourn"]
[EventRounds "13"]
[EventCountry "UKR"]
[EventCategory "8"]
[SourceTitle "CBM 140 Extra"]
[Source "ChessBase"]
[SourceDate "2011.03.01"]
[SourceVersion "1"]
[SourceVersionDate "2011.03.01"]
[SourceQuality "1"]

1. e4 c5 2. Nc3 Nc6 3. Bb5 Nd4 4. a4 g6 5. Nge2 Bg7 6. 0-0 e6 7. Nxd4 cxd4 8. Ne2 Ne7 9. c3 a6 10. Bc4 Nc6 11. cxd4 Nxd4 12. Nxd4 Bxd4 13. d3 0-0 14. a5 d5 15. exd5 exd5 16. Bb3 Be6 17. Ra4 Qf6 18. Rb4 Bxb2 19. Bxd5 Bxc1 20. Bxe6 Bf4 21. Bh3 Bxh2+ 22. Kh1 Bc7 23. Rxb7 Bxa5 24. Qb3 Bc3 25. g3 a5 26. Bg2 a4 27. Qa2 Ra5 28. Rfb1 Bd4 29. Kg1 Rf5 30. Rf1 Rg5 31. Kh2 Rh5+ 32. Kg1 Qe5 33. Qc4 Qxg3 34. Qc7 Qh4 35. Rb4 Bxf2+ 0-1

[Event "Donetsk Amitan Memorial"]
[Site "Donetsk"]
[Date "2010.12.21"]
[Round "2"]
[White "Matjushin, Gennady"]
[Black "Volovikov, Anton"]
[Result "1/2-1/2"]
[WhiteElo "2489"]
[BlackElo "2324"]
[PlyCount "268"]
[EventDate "2010.12.20"]
[EventType "tourn"]
[EventRounds "13"]
[EventCountry "UKR"]
[EventCategory "8"]
[SourceTitle "CBM 140 Extra"]
[Source "ChessBase"]
[SourceDate "2011.03.01"]
[SourceVersion "1"]
[SourceVersionDate "2011.03.01"]
[SourceQuality "1"]

1. d4 d5 2. c4 Bf5 3. cxd5 Bxb1 4. Qa4+ c6 5. Rxb1 Qxd5 6. e3 Nd7 7. b4 Ngf6 8. Nf3 e6 9. Qc2 Bd6 10. Be2 0-0 11. 0-0 Rfc8 12. Bd2 Ne4 13. Bc4 Qf5 14. Bd3 Ndf6 15. h3 Qd5 16. Be1 b6 17. Ne5 Bxe5 18. dxe5 Qxe5 19. f4 Qd5 20. Rd1 b5 21. Bh4 Qh5 22. g3 Nxg3 23. Bxg3 Qxh3 24. Rf3 Qg4 25. Kf2 Qh5 26. Kg2 c5 27. Rh1 cxb4 28. Qe2 Qc5 29. e4 g6 30. Bf2 Qc3 31. Rh4 e5 32. Be1 Qd4 33. Bf2 Qc3 34. Be1 Qd4 35. Bf2 Qc3 36. f5 Nh5 37. fxg6 fxg6 38. Bxb5 Qc2 39. Qxc2 Rxc2 40. Ba4 Rc7 41. Bb3+ Kg7 42. Be3 a5 43. Rxh5 gxh5 44. Rg3+ Kh8 45. Bg5 Rc6 46. Bd5 Rac8 47. Bxc6 Rxc6 48. Bd8 a4 49. Be7 h4 50. Bxh4 h5 51. Be7 Rc2+ 52. Kh3 Rxa2 53. Bxb4 Re2 54. Ra3 Rxe4 55. Rxa4 Kh7 56. Ra7+ Kg6 57. Bf8 Re3+ 58. Kg2 h4 59. Rg7+ Kf5 60. Rf7+ Ke4 61. Rh7 h3+ 62. Kh2 Rf3 63. Bd6 Rd3 64. Bc7 Kf5 65. Re7 Re3 66. Bb6 Rb3 67. Bf2 Kg4 68. Rg7+ Kf5 69. Bg3 Rb6 70. Kxh3 e4 71. Rf7+ Rf6 72. Re7 Re6 73. Rf7+ Rf6 74. Rc7 e3 75. Rc4 Re6 76. Kg2 e2 77. Be1 Re4 78. Rc8 Ke5 79. Kf3 Rf4+ 80. Ke3 Re4+ 81. Kf3 Rf4+ 82. Kxe2 Re4+ 83. Kd3 Ra4 84. Kc2 Kd5 85. Bc3 Rg4 86. Rc7 Rg2+ 87. Kb3 Rg4 88. Ra7 Rg3 89. Ra5+ Ke4 90. Kc4 Rg8 91. Re5+ Kf4 92. Re6 Kf5 93. Re5+ Kf4 94. Bd4 Rc8+ 95. Kd3 Rd8 96. Re6 Kf5 97. Rf6+ Kg5 98. Rf1 Re8 99. Kc4 Kg4 100. Rf7 Rd8 101. Bf6 Re8 102. Kd5 Re1 103. Bc3 Rc1 104. Kd4 Rd1+ 105. Ke4 Kg5 106. Rg7+ Kh6 107. Rg2 Rf1 108. Be5 Kh7 109. Bf4 Re1+ 110. Kf5 Rf1 111. Rg4 Rb1 112. Be5 Rf1+ 113. Ke6 Rb1 114. Rg7+ Kh6 115. Rg2 Re1 116. Rg3 Rf1 117. Rg8 Kh5 118. Kd5 Re1 119. Ke6 Rf1 120. Bf6 Re1+ 121. Kf7 Rf1 122. Rg5+ Kh6 123. Rg4 Rf5 124. Rg1 Kh5 125. Ke6 Rf2 126. Rg5+ Kh6 127. Kf7 Rf1 128. Rg4 Rf5 129. Re4 Ra5 130. Rd4 Rb5 131. Rh4+ Rh5 132. Rg4 Rf5 133. Rg8 Kh5 134. Ke6 Rf1 1/2-1/2

[Event "UKR-chT 17th"]
[Site "Alushta"]
[Date "2010.05.20"]
[Round "11.4"]
[White "Maslov, Valentin"]
[Black "Volovikov, Anton"]
[Result "0-1"]
[WhiteElo "2116"]
[BlackElo "2314"]
[PlyCount "98"]
[EventDate "2010.05.13"]
[EventType "team-tourn"]
[EventRounds "11"]
[EventCountry "UKR"]
[SourceTitle "EXT 2019"]
[Source "ChessBase"]
[SourceDate "2018.10.10"]
[SourceVersion "1"]
[SourceVersionDate "2018.10.10"]
[SourceQuality "1"]
[WhiteTeam "Simferopol Tavriya"]
[BlackTeam "Donetsk Adel"]
[WhiteTeamCountry "UKR"]
[BlackTeamCountry "UKR"]

1. Nf3 d5 2. b3 Nf6 3. Bb2 Bf5 4. Nh4 Bg4 5. h3 Bh5 6. g4 Bg6 7. Bg2 e6 8. d3 Bd6 9. Nd2 c5 10. c4 Nc6 11. a3 d4 12. Nxg6 hxg6 13. Ne4 Nxe4 14. Bxe4 Qc7 15. Bc1 0-0-0 16. Bd2 Kb8 17. Qb1 f5 18. gxf5 exf5 19. Bg2 Rde8 20. Kd1 Bf4 21. Qc1 g5 22. Rb1 Nd8 23. b4 Ne6 24. bxc5 Nxc5 25. a4 Rh6 26. a5 Rhe6 27. Bf3 g6 28. Bxf4 gxf4 29. Qa3 a6 30. Rg1 R8e7 31. Rb2 Re5 32. Kd2 g5 33. Rgb1 Qc8 34. Kd1 g4 35. hxg4 fxg4 36. Bg2 f3 37. Bf1 Qe8 38. e4 Qa4+ 39. Qxa4 Nxa4 40. Rb3 Nc3+ 41. Rxc3 dxc3 42. Kc2 Rxa5 43. Kxc3 Ra2 44. Rb2 Ra1 45. Be2 fxe2 46. Rxe2 Ra3+ 47. Kd4 Rd7+ 48. Ke5 Raxd3 49. Kf4 Rd2 0-1